[Event "AUTO-ADV-1521"]
[Site "http://www.queenalice.com/game.php?id=673980"]
[Date "2009.10.28"]
[Round "1"]
[White "windows"]
[Black "Don_Mutreta"]
[Result "0-1"]
[WhiteElo "1765"]
[BlackElo "1749"]

1. e4 e5 2. Nf3 Nc6 3. Bc4 Nf6 4. d3 a6 5. Nc3 d6 6. h3 b5 7. Bd5 Nxd5 8. exd5
Nd4 9. O-O Nxf3+ 10. Qxf3 Bb7 11. Be3 g6 12. d4 Bg7 13. dxe5 Bxe5 14. Bd2 O-O
15. Rfe1 Bg7 16. Re2 Qd7 17. Rae1 Rae8 18. b3 c6 19. dxc6 Bxc6 20. Qd3 Rxe2 21.
Nxe2 Ba8 22. Bb4 Qc6 23. f3 Rd8 24. Nd4 Qd5 25. Bc3 Bb7 26. Rd1 Qg5 27. a4 bxa4
28. bxa4 Re8 29. Bd2 Qg3 30. Ne2 Qh4 31. Qxd6 Rxe2 32. Qb8+ Bf8 33. Qxb7 Qf2+
0-1

[Event "AUTO-ADV-1521"]
[Site "http://www.queenalice.com/game.php?id=673987"]
[Date "2009.10.28"]
[Round "1"]
[White "windows"]
[Black "lrmaster"]
[Result "0-1"]
[WhiteElo "1743"]
[BlackElo "1994"]

1. e4 e5 2. Nf3 d6 3. Bc4 h6 4. O-O a6 5. d4 exd4 6. Qxd4 Nc6 7. Qc3 Nf6 8. Re1
Be7 9. e5 dxe5 10. Nxe5 Nxe5 11. Qxe5 Qd6 12. Qxd6 cxd6 13. Bf4 d5 14. Bb3 Be6
15. Nd2 O-O 16. Nf3 Bc5 17. c3 b5 18. a4 Rab8 19. Bxb8 Rxb8 20. a5 b4 21. Ba4
bxc3 22. bxc3 Ne4 23. c4 Bxf2+ 24. Kf1 Bxe1 25. Kxe1 dxc4 26. Rc1 Nc5 27. Nd4
Nd3+ 0-1

[Event "AUTO-ADV-1521"]
[Site "http://www.queenalice.com/game.php?id=673988"]
[Date "2009.10.28"]
[Round "1"]
[White "lrmaster"]
[Black "windows"]
[Result "1-0"]
[WhiteElo "2022"]
[BlackElo "1756"]

1. d4 g6 2. Bf4 Bg7 3. Nf3 Nf6 4. h3 O-O 5. e3 c5 6. dxc5 Nc6 7. Nc3 b6 8. cxb6
Qxb6 9. Rb1 d6 10. a3 Be6 11. Be2 Bf5 12. Bd3 Bxd3 13. cxd3 Rab8 14. O-O e5 15.
Bh2 Qc7 16. e4 Nh5 17. b4 f5 18. Nd5 Qd7 19. a4 fxe4 20. dxe4 Rf7 21. b5 Ne7 22.
Nb4 Rbf8 23. Ng5 Rf6 24. Nd5 Nxd5 25. Qxd5+ Kh8 26. Bxe5 Nf4 27. Bxf4 Rxf4 28.
Ne6 R4f6 29. Nxf8 Rxf8 30. a5 Be5 31. b6 axb6 32. axb6 Rb8 33. b7 Kg7 34. Rfc1
1-0

[Event "AUTO-INT-1496"]
[Site "http://www.queenalice.com/game.php?id=674020"]
[Date "2009.10.28"]
[Round "1"]
[White "CeaRaSC"]
[Black "windows"]
[Result "0-1"]
[WhiteElo "1600"]
[BlackElo "1811"]

1. d4 g6 2. Nf3 Bg7 3. Nc3 Nf6 4. Ne5 O-O 5. Bg5 d6 6. Nf3 Bg4 7. h3 Bxf3 8.
gxf3 Nc6 9. e3 h6 10. Bxf6 Bxf6 11. Qd3 Kg7 12. O-O-O Nb4 13. Qb5 a5 14. Qxb7
Rb8 15. Qe4 Qd7 16. Bc4 e6 17. d5 Bxc3 18. bxc3 f5 19. Qxe6 Qxe6 20. dxe6 Nc6
21. e4 fxe4 22. Be2 exf3 23. Bd3 Ne5 24. Rhe1 Rbe8 25. a4 Rxe6 26. c4 Rfe8 27.
Rg1 g5 28. h4 g4 29. Bf5 R6e7 30. Rge1 Nd3+ 31. cxd3 Rxe1 32. d4 Rxd1+ 33. Kxd1
h5 34. c5 dxc5 35. dxc5 Re5 36. Bc8 g3 37. fxg3 Rxc5 38. Ke1 Rc2 39. Bf5 Ra2 40.
Bd7 c5 41. Be6 Rxa4 42. Bd5 Rd4 43. Bxf3 a4 44. Bd1 a3 45. Bb3 c4 46. Ba4 a2 47.
Ke2 a1=Q 48. Bb5 Qc3 49. Kf1 Rd2 50. Bxc4 Qc1# 0-1

[Event "AUTO-INT-1496"]
[Site "http://www.queenalice.com/game.php?id=674021"]
[Date "2009.10.28"]
[Round "1"]
[White "windows"]
[Black "CeaRaSC"]
[Result "1-0"]
[WhiteElo "1771"]
[BlackElo "1610"]

1. e4 d5 2. exd5 Qxd5 3. Nc3 Bf5 4. Nxd5 Na6 5. Bxa6 O-O-O 6. Ne3 bxa6 7. Nxf5
e6 8. Ne3 Bc5 9. Qf3 Bxe3 10. dxe3 f5 11. Ne2 Ne7 12. O-O g5 13. Qa8+ Kd7 14.
Rd1+ Nd5 15. Rxd5+ exd5 16. Qxd5+ Ke8 17. Qe5+ Kf7 18. Qxf5+ Ke8 19. Nc3 h6 20.
g3 Rd7 21. b3 Rf8 22. Qg6+ Kd8 23. Ba3 Re8 24. Qxh6 g4 25. Rd1 Rxd1+ 26. Nxd1
Re7 27. Qf8+ Re8 28. Qxe8+ Kxe8 29. Nc3 a5 30. Nb5 Kd7 31. Nxa7 Ke6 32. Nb5 c6
33. Nd4+ Kd5 34. Kg2 c5 35. Nf5 c4 36. Nh6 cxb3 37. cxb3 Ke6 38. Nxg4 Kf5 39. f3
Kg5 40. h4+ Kg6 41. e4 Kf7 42. f4 Kg6 43. b4 axb4 44. Bxb4 Kf7 45. a4 Ke6 46. h5
Kf7 47. a5 1-0

[Event "AUTO-INT-1496"]
[Site "http://www.queenalice.com/game.php?id=674036"]
[Date "2009.10.28"]
[Round "1"]
[White "windows"]
[Black "Catamarca"]
[Result "0-1"]
[WhiteElo "1739"]
[BlackElo "1719"]

1. e4 e5 2. Nf3 Bc5 3. Bc4 Nf6 4. Nxe5 O-O 5. d3 d6 6. Nf3 Bg4 7. O-O a6 8. h3
Bxf3 9. Qxf3 Qe7 10. Re1 Nbd7 11. e5 Nxe5 12. Qg3 Nf3+ 13. Qxf3 Qxe1+ 14. Kh2
Bxf2 15. Bf4 Qg1# 0-1

[Event "AUTO-INT-1496"]
[Site "http://www.queenalice.com/game.php?id=674037"]
[Date "2009.10.28"]
[Round "1"]
[White "Catamarca"]
[Black "windows"]
[Result "0-1"]
[WhiteElo "1712"]
[BlackElo "1751"]

1. e4 e5 2. Bc4 c6 3. d3 d6 4. h3 a5 5. Nf3 b5 6. Bxf7+ Kxf7 7. Ng5+ Ke8 8. Qf3
Nf6 9. Be3 Be7 10. Nc3 h6 11. O-O-O hxg5 12. Bxg5 Be6 13. Rhe1 Nbd7 14. d4 exd4
15. Rxd4 Qc7 16. Nxb5 cxb5 17. e5 Rc8 18. Re2 Nxe5 0-1

[Event "AUTO-OPEN-1765"]
[Site "http://www.queenalice.com/game.php?id=684085"]
[Date "2009.11.16"]
[Round "1"]
[White "windows"]
[Black "yvanalfieri"]
[Result "1-0"]
[WhiteElo "1740"]
[BlackElo "1745"]

1. e4 c6 2. Nf3 d5 3. exd5 cxd5 4. d4 Nc6 5. Bb5 Nf6 6. O-O e6 7. a3 Bd6 8. Bg5
O-O 9. Nc3 a6 10. Bxc6 bxc6 11. Qd3 c5 12. dxc5 1-0

[Event "AUTO-OPEN-1765"]
[Site "http://www.queenalice.com/game.php?id=684086"]
[Date "2009.11.16"]
[Round "1"]
[White "yvanalfieri"]
[Black "windows"]
[Result "0-1"]
[WhiteElo "1763"]
[BlackElo "1722"]

1. e4 e5 2. f4 exf4 3. Nf3 Nc6 4. Bc4 Nd4 5. Nxd4 d6 6. O-O Qf6 7. Nb5 Qe7 8. d4
a6 9. N5c3 Bd7 10. Rxf4 O-O-O 11. Rxf7 Qh4 12. Bf4 Nf6 0-1

[Event "AUTO-OPEN-1765"]
[Site "http://www.queenalice.com/game.php?id=684087"]
[Date "2009.11.16"]
[Round "1"]
[White "windows"]
[Black "Mikhail_Sanderov"]
[Result "1-0"]
[WhiteElo "1819"]
[BlackElo "1833"]

1. e4 c5 2. Nf3 Nc6 3. Bc4 e6 4. O-O Qc7 5. b3 d6 6. Bb2 Be7 7. Bxg7 Bf6 8. Bxh8
Bxh8 9. c3 Bd7 10. a4 Nb4 11. cxb4 Bxa1 12. b5 O-O-O 13. Nc3 Bxc3 14. dxc3 Nf6
15. Qd3 h5 16. Rd1 d5 17. exd5 exd5 18. Bxd5 Bg4 19. Bxb7+ Kxb7 20. Qxd8 Qf4 21.
a5 a6 22. Qb6+ 1-0

[Event "AUTO-OPEN-1765"]
[Site "http://www.queenalice.com/game.php?id=684088"]
[Date "2009.11.16"]
[Round "1"]
[White "Mikhail_Sanderov"]
[Black "windows"]
[Result "1-0"]
[WhiteElo "1795"]
[BlackElo "1836"]

1. Nf3 g6 2. g3 Bg7 3. Bg2 Nf6 4. O-O O-O 5. c4 d5 6. d3 Nc6 7. Nc3 dxc4 8. dxc4
Be6 9. b3 Ne4 10. Nxe4 Bxa1 11. Bf4 Bf6 12. Nxf6+ exf6 13. Qc1 Qe7 14. Bh6 Rfe8
15. Qc3 Bg4 16. Ng5 Ne5 17. Ne4 Nd7 18. Re1 Qe5 19. Qxe5 fxe5 20. h3 Bf5 21. Rd1
Bxe4 22. Bxe4 Nc5 23. Bd5 c6 24. Bg2 Rad8 25. Re1 Rd2 26. b4 1-0

[Event "Challenge"]
[Site "http://www.queenalice.com/game.php?id=703684"]
[Date "2009.12.26"]
[Round "-"]
[White "windows"]
[Black "thedead"]
[Result "1-0"]
[WhiteElo "1769"]
[BlackElo "1326"]

1. e4 e5 2. Nf3 Nc6 3. Bc4 Be7 4. O-O d6 5. h3 Nf6 6. Nc3 O-O 7. a3 Re8 8. d3
Bd7 9. Nd5 Be6 10. Bg5 h6 11. Bh4 1-0